| 000 | 01673nam0a2200361 4500 | ||
|---|---|---|---|
| 001 | RU\NLR\bibl\1832543 | ||
| 005 | 20260405231627.0 | ||
| 010 |
_a978-5-211-06210-8 _9750 |
||
| 021 |
_aRU _b2011-82184 _95861 |
||
| 035 | _a(NLR Aleph) 001823039 | ||
| 090 |
_a2032670 _c2032670 |
||
| 100 | _a20111111d2011 |||y0rusy50 ca | ||
| 101 | 0 |
_arus _deng |
|
| 102 | _aRU | ||
| 105 | _aa ||||||||| | ||
| 200 | 1 |
_aПланирование персонала организации _dHuman resources planning in organization _eучебное пособие _fВ.П. Пугачев _gМосковский гос. ун-т им. М.В. Ломоносова, Фак. гос. упр _zeng |
|
| 210 |
_aМосква _cИзд-во Московского университета _d2011 |
||
| 215 |
_a235 с. _cил. _d22 |
||
| 225 | 1 | _aСерия "Учебники и учебные пособия" | |
| 300 | _aАвт. также на англ. яз.: V.P. Pugachyov | ||
| 300 | _aРез. на англ. яз. | ||
| 320 | _aБиблиогр.: с. 224 | ||
| 510 | 1 |
_6z45790 _aHuman resources planning in organization _zeng |
|
| 606 | 1 |
_aКадры _jУчебные издания для высших учебных заведений _xПланирование _91228431 _3RU\NLR\auth\66500682 |
|
| 686 | _aУ24(2)0-23я73 | ||
| 700 | 1 |
_4070 _7ca _8rus _aПугачев _bВ. П. _gВасилий Павлович _988446 _3RU\NLR\auth\77105521 |
|
| 790 | 1 |
_4070 _7ba _8rus _aPugačev _bV. P. _gVasilij Pavlovič _988447 _3RU\NLR\auth\77105522 |
|
| 801 | 0 |
_aRU _bNLR _c20111111 _gRCR |
|
| 801 | 1 |
_aRU _bNLR _c20111111 |
|
| 942 | _cBOOK | ||
| 980 | _aNB | ||
| 980 | _aNBR | ||